Essentials of physical education / (Record no. 51472)

MARC details
000 -LEADER
fixed length control field 00626nam a2200229Ia 4500
005 - DATE AND TIME OF LATEST TRANSACTION
control field 20260429111928.0
008 - FIXED-LENGTH DATA ELEMENTS--GENERAL INFORMATION
fixed length control field 260429s9999||||xx |||||||||||||| ||und||
020 ## - INTERNATIONAL STANDARD BOOK NUMBER
International Standard Book Number 9789359786544
041 ## - LANGUAGE CODE
Language English
082 ## - DEWEY DECIMAL CLASSIFICATION NUMBER
Classification number 613.7
Item number SAH
100 ## - MAIN ENTRY--PERSONAL NAME
Personal name Sahu, Krishna Kant
245 #0 - TITLE STATEMENT
Title Essentials of physical education /
Statement of responsibility, etc Krishna Kant Sahu
250 ## - EDITION STATEMENT
Edition statement 1st ed.
260 ## - PUBLICATION, DISTRIBUTION, ETC. (IMPRINT)
Place of publication, distribution, etc New Delhi :
Name of publisher, distributor, etc Friends Publications (India),
Date of publication, distribution, etc 2024.
300 ## - PHYSICAL DESCRIPTION
Extent ix, 215 p.; hb
650 ## - SUBJECT ADDED ENTRY--TOPICAL TERM
Topical term or geographic name as entry element Exercise studies
650 ## - SUBJECT ADDED ENTRY--TOPICAL TERM
Topical term or geographic name as entry element Sports science
650 ## - SUBJECT ADDED ENTRY--TOPICAL TERM
Topical term or geographic name as entry element Physical education
700 ## - ADDED ENTRY--PERSONAL NAME
Personal name Sahu, Megha
700 ## - ADDED ENTRY--PERSONAL NAME
Personal name Singh, Poonam
942 ## - ADDED ENTRY ELEMENTS (KOHA)
Koha item type Text Books
Holdings
Withdrawn status Lost status Damaged status Not for loan Collection code Home library Location Shelving location Date of Cataloging Source of acquisition Total Checkouts Full call number Barcode Date last seen Price effective from Koha item type
        Non-fiction CUTN Central Library CUTN Central Library Medicine, Technology & Management 29/04/2026 T R Publications, Chennai - Invoice No. TRPHO/2025/CRB/185 on 09-02-2026   613.7 SAH 56480 29/04/2026 29/04/2026 Text Books